000 01263nam a2200337 i 4500
999 _c68337
_d68337
003 Mx-PuUPA
005 20220302080815.0
008 190718s2014 sp |||fr|||| 001 0 spa d
020 _a9788490860069
040 _aMx-PuUPA
_bspa
_cMx-PuUPA
_dMx-PuUPA
_erda
041 0 _aspa
245 1 0 _aArgumentación jurídica /
_cAlfonso García Figueroa, Marina Gascón Abellán, Gema Marcilla Córdoba, Luis Prieto Sanchís ; coordinadora Marina Gascón Abellán
264 4 _aValencia :
_bTirant Lo Blanch,
_c©2014
300 _a518 páginas ;
_c22 cm
336 _atexto
_2rdacontent
_btxt
337 _asin medio
_2rdamedia
_bn
338 _avolumen
_2rdacarrier
_bnc
490 0 _aTeoría
_aSegunda época
650 4 _aDerecho
_xFilosofía
650 4 _aJurisprudencia
650 4 _aInterpretación del derecho
700 1 _aGarcía Figueroa, Alfonso,
_eautor
_99588
700 1 _aGascón Abellán, Marina,
_eautor
700 1 _aMarcilla Córdoba, Gema,
_eautor
700 1 _aPrieto Sanchís, Luis,
_eautor
700 1 _aGascón Abellán, Marina,
_ecoordinador
942 _2ddc
_cLI
_h340.11
_iA686